Medze možnosti nepriameho merania dĺžok

Bibliographic Details
Main Author: Minich, Ľudovít, 1908-1981 (Author)
Format: Article
Language:Slovak

MARC

LEADER 00000nab a2200000uu 4500
001 vtls010913610
003 SK-MaSNL
005 20260303150503.0
008 230222|1944 xo |||||||||||||||||slo|
015 |a SNBRB 
035 |a (urnnbn)urn:nbn:sk:snk:ar-a09ac9 
035 |a (uuid)7f93b4e9-d0a1-4a55-b3e3-2976fd576825 
035 |a urn:nbn:sk:snk-ab92bh 
040 |a SNKBUCL  |b slo  |c SNKBUCL  |e AACR2 
041 0 |a slo 
044 |a xo  |c SK 
100 1 |a Minich, Ľudovít,  |d 1908-1981  |4 aut  |9 198221 
245 1 0 |a Medze možnosti nepriameho merania dĺžok  |c Ľudovít Minich 
773 0 |t Technický obzor slovenský  |g Roč. 8, č. 6 (1944), s. 81-87 
954 |a odborná, vedecká literatúra pôvodná (slovenská)  |2 lita 
958 |a OND 
958 |a EUIPO 
958 |a article10 
999 |c 2011049  |d 2012979